[Event "FRA-ch U18 Girls"]
[Site "La Roche sur Yon"]
[Date "2008.04.23"]
[Round "4"]
[White "Leriquier, Claire"]
[Black "Brih, Touatia"]
[Result "0-1"]
[WhiteElo "1890"]
[BlackElo "1956"]
[PlyCount "32"]
[EventDate "2008.04.21"]
[EventType "swiss"]
[EventRounds "9"]
[EventCountry "FRA"]
[SourceTitle "EXT 2010"]
[Source "ChessBase"]
[SourceDate "2010.11.25"]
[SourceVersion "1"]
[SourceVersionDate "2010.11.25"]
[SourceQuality "1"]

1. c4 Nf6 2. Nc3 c5 3. g3 g6 4. Bg2 Bg7 5. e3 d6 6. Nge2 0-0 7. 0-0 Nc6 8. Re1 Ne5 9. d3 Bg4 10. Bxb7 Nf3+ 11. Bxf3 Bxf3 12. h3 Qd7 13. Kh2 Ng4+ 14. hxg4 Qxg4 15. Nf4 Bxd1 16. Rxd1 Bxc3 0-1

[Event "FRA-ch U18 Girls"]
[Site "La Roche sur Yon"]
[Date "2008.04.22"]
[Round "2"]
[White "Leriquier, Claire"]
[Black "Hedouin, Priscillia"]
[Result "0-1"]
[WhiteElo "1890"]
[BlackElo "1470"]
[PlyCount "90"]
[EventDate "2008.04.21"]
[EventType "swiss"]
[EventRounds "9"]
[EventCountry "FRA"]
[SourceTitle "EXT 2010"]
[Source "ChessBase"]
[SourceDate "2010.11.25"]
[SourceVersion "1"]
[SourceVersionDate "2010.11.25"]
[SourceQuality "1"]

1. f4 e6 2. Nf3 d5 3. g3 Nf6 4. Bg2 Nc6 5. c3 Bd6 6. 0-0 Bd7 7. d3 0-0 8. Re1 Re8 9. e4 dxe4 10. dxe4 e5 11. fxe5 Nxe5 12. Nxe5 Rxe5 13. Bf4 Bc5+ 14. Be3 Bxe3+ 15. Rxe3 Qe7 16. Qe1 Ng4 17. Rd3 f5 18. Nd2 Bc6 19. Rd4 b5 20. Qe2 Re8 21. Re1 Nf6 22. Qd1 Qc5 23. Kh1 Bxe4 24. Nxe4 Nxe4 25. Bxe4 Rxe4 26. Rexe4 Rxe4 27. Rxe4 fxe4 28. Qd8+ Kf7 29. Qd4 Qxd4 30. cxd4 Ke6 31. Kg2 Kd5 32. Kf2 Kxd4 33. Ke2 c5 34. h4 a5 35. g4 c4 36. h5 b4 37. g5 a4 38. g6 h6 39. Kd2 a3 40. bxa3 bxa3 41. Ke2 Kc3 42. Ke3 Kb2 43. Kxe4 c3 44. Ke5 c2 45. Ke6 c1Q 0-1

[Event "FRA-ch U16 Girls"]
[Site "Le Grand Bornand"]
[Date "2007.04.??"]
[Round "8"]
[White "Leriquier, Claire"]
[Black "Dauchart, Elaine"]
[Result "0-1"]
[WhiteElo "1770"]
[BlackElo "1470"]
[PlyCount "126"]
[EventDate "2007.04.07"]
[EventType "swiss"]
[EventRounds "9"]
[EventCountry "FRA"]
[SourceTitle "CBM 118 Extra"]
[Source "ChessBase"]
[SourceDate "2007.07.04"]
[SourceVersion "1"]
[SourceVersionDate "2007.07.04"]
[SourceQuality "1"]

1. f4 d5 2. Nf3 c5 3. g3 Nf6 4. Bg2 e6 5. 0-0 Be7 6. d3 0-0 7. Qe1 b6 8. e4 dxe4 9. dxe4 Bb7 10. e5 Ng4 11. c3 a5 12. Bh3 Nh6 13. g4 Qd3 14. Nbd2 Nc6 15. Qg3 b5 16. Kh1 b4 17. c4 Nd4 18. b3 Ne2 19. Qg2 Nxf4 20. Qg3 Nxh3 21. Qxh3 f5 22. exf6 Bxf6 23. Rb1 Bc3 24. Kg1 Qe3+ 25. Rf2 Bxd2 26. Bxd2 Rxf3 27. Bxe3 Rxh3 28. Bxc5 Nxg4 29. Rd2 Ne5 30. Rd6 Nf3+ 31. Kg2 Rxh2+ 32. Kg3 h5 33. Rxe6 h4+ 34. Kf4 g5+ 35. Ke3 Rd8 36. a3 Nd2 37. Re1 Rh3+ 38. Kf2 Rc8 39. Re8+ Kf7 40. R8e7+ Kg6 41. axb4 Rf8+ 42. Ke2 Rh2+ 43. Kd1 Bf3+ 44. Kc2 Ne4+ 45. Kd3 Nxc5+ 46. bxc5 Rd8+ 47. Kc3 Bg4 48. R7e5 Rh3+ 49. Kb2 Rb8 50. R5e3 Rxe3 51. Rxe3 a4 52. c6 Rxb3+ 53. Rxb3 axb3 54. Kxb3 h3 55. Kb4 h2 56. Kb5 h1Q 57. Kb6 Kf6 58. c5 Ke7 59. Kc7 Qh8 60. Kb7 Qc8+ 61. Kb6 Qb8+ 62. Ka6 Be2+ 63. Ka5 Qb5# 0-1